| 000 | 00598nam a22001937a 4500 | ||
|---|---|---|---|
| 003 | OSt | ||
| 005 | 20250929061858.0 | ||
| 008 | 250929b |||||||| |||| 00| 0 eng d | ||
| 040 |
_aDWCL-Main lib _cOC |
||
| 082 | _aCirc. 641.5 M621q 1970 | ||
| 100 | _aMichael and Fields, France | ||
| 245 |
_aA quintet of cuisines/ _cMichael and Fields, France |
||
| 260 |
_aCanada: _bTime Inc., _cc1970. |
||
| 300 |
_a208 pages : _b color illustrations ; _c28cm. |
||
| 504 | _aIncludes glossary and index | ||
| 650 | _a1. Cooking, polish | ||
| 650 | _a2. Cooking, swiss | ||
| 942 |
_2ddc _cBK-CIRC _kCirc. _n0 |
||
| 999 |
_c4541 _d4541 |
||